000
00315nam a2200133Ia 4500
005
20260328104331.0
008
260328s9999||||xx |||||||||||||| ||und||
100
_a
Wing, Sherin
245
0
_a
Designing Sacred Spaces /
_c
Sherin Wing
260
_b
Routledge
300
_a
309 p.
650
_a
IGLESIAS
942
_c
BK
999
_c
11728
_d
11728